000 01170nam a2200265Ia 4500
003 OSt
005 20220918110818.0
006 a|||||r|||| 00| 0
007 ta
008 220915b |||||||| |||| 00| 0 hin d
020 _a9788179751879 (hbk)
_c1275
024 _a259411
037 _b378, 11/02/2011, Swaraj Prakashan
_cReference Collections
040 _aARTS
_cARTS
_bhin
041 _2hin
_ahin
082 _a4xN06, 152P8.1-.2(RR)
100 _aवाजपेयी, नंददुलारे
_91672
245 0 _aनवजागरणकालीन पत्रकारिता और भारत
246 _aNavajāgaraṇakālīn patrakāritā aur bhārata
260 _aनई दिल्ली
_bअनामिका पब्लिशर्स भारत
_c2008
490 _vखंड 1
700 _a शर्मा, कृष्णदत्त, संपा.
_99642
942 _h4xN06, 152P8.1-.2(RR)
_cREF
999 _c114935
_d114935